Ecologists and Environmental Politics : (Record no. 427)

MARC details
000 -LEADER
fixed length control field 00912cam a2200265 a 4500
001 - CONTROL NUMBER
control field 2580579
003 - CONTROL NUMBER IDENTIFIER
control field OSt
005 - DATE AND TIME OF LATEST TRANSACTION
control field 20240626110150.0
008 - FIXED-LENGTH DATA ELEMENTS--GENERAL INFORMATION
fixed length control field 960723s1997 ctua b 001 0 eng
010 ## - LIBRARY OF CONGRESS CONTROL NUMBER
LC control number 96034071
020 ## - INTERNATIONAL STANDARD BOOK NUMBER
International Standard Book Number 0300067631
040 ## - CATALOGING SOURCE
Original cataloging agency DLC
Transcribing agency DLC
Modifying agency DLC
050 00 - LIBRARY OF CONGRESS CALL NUMBER
Classification number QH540
Item number .B63 1997
082 00 - DEWEY DECIMAL CLASSIFICATION NUMBER
Classification number 577 BOC 1997
Edition number 20
100 1# - MAIN ENTRY--PERSONAL NAME
Personal name Bocking, Stephen,
9 (RLIN) 1123
245 10 - TITLE STATEMENT
Title Ecologists and Environmental Politics :
Remainder of title a history of contemporary ecology
260 ## - PUBLICATION, DISTRIBUTION, ETC. (IMPRINT)
Place of publication, distribution, etc. New Haven;
Name of publisher, distributor, etc. Yale University Press,
Date of publication, distribution, etc. 1997.
300 ## - PHYSICAL DESCRIPTION
Extent xiv, 271 p. :
Other physical details ill. ;
Dimensions 24 cm.
504 ## - BIBLIOGRAPHY, ETC. NOTE
Bibliography, etc Includes bibliographical references (p. 236-265) and index.
650 #0 - SUBJECT ADDED ENTRY--TOPICAL TERM
Topical term or geographic name as entry element Ecology
9 (RLIN) 1124
650 #0 - SUBJECT ADDED ENTRY--TOPICAL TERM
Topical term or geographic name as entry element Environmental policy
9 (RLIN) 1125
906 ## - LOCAL DATA ELEMENT F, LDF (RLIN)
a 7
b cbc
c orignew
d 1
e ocip
f 19
g y-gencatlg
942 ## - ADDED ENTRY ELEMENTS (KOHA)
Source of classification or shelving scheme Dewey Decimal Classification
Koha item type Short Loan
Holdings
Withdrawn status Lost status Source of classification or shelving scheme Damaged status Not for loan Home library Current library Date acquired Source of acquisition Inventory number Total Checkouts Full call number Barcode Date last seen Koha item type
    Dewey Decimal Classification     MUST Main Library MUST Main Library 17/09/2014 Purchase 02/17460   577 BOC 1997 2014-2789 17/09/2014 Open Shelf
    Dewey Decimal Classification     MUST Main Library MUST Main Library 26/06/2024 Purchase 02/17459   577 BOC 1997 2024-21384 26/06/2024 Open Shelf